ბათუმის შოთა რუსთაველის სახელმწიფო უნივერსიტეტის ბიბლიოთეკა

How to reach and teach children with challenging behavior : (ბიბ.ჩანაწერი № 58129)

000 -LEADER
fixed length control field 01044cam a2200253 a 4500
001 - CONTROL NUMBER
control field 16308987
005 - DATE AND TIME OF LATEST TRANSACTION
control field 20210622105320.0
008 - FIXED-LENGTH DATA ELEMENTS--GENERAL INFORMATION
fixed length control field 100629s2011 caua b 001 0 eng
020 ## - INTERNATIONAL STANDARD BOOK NUMBER
International Standard Book Number 9780470505168
041 ## - LANGUAGE CODE
Language code of text/sound track or separate title eng
080 ## - UNIVERSAL DECIMAL CLASSIFICATION NUMBER
Universal Decimal Classification number 376 O-90
100 1# - MAIN ENTRY--PERSONAL NAME
Personal name Otten, Kaye L.
Dates associated with a name
9 (RLIN) 6584
245 10 - TITLE STATEMENT
Title How to reach and teach children with challenging behavior :
Remainder of title practical, ready-to-use interventions that work /
Statement of responsibility, etc. Kaye L. Otten and Jodie L. Tuttle.
264 ## - PRODUCTION, PUBLICATION, DISTRIBUTION, MANUFACTURE, AND COPYRIGHT NOTICE
Place of production, publication, distribution, manufacture San Francisco :
Name of producer, publisher, distributor, manufacturer Jossey-Bass,
Date of production, publication, distribution, manufacture, or copyright notice 2011.
300 ## - PHYSICAL DESCRIPTION
Extent 307 p. :
Other physical details ill. ;
Dimensions 28 cm.
653 ## - INDEX TERM--UNCONTROLLED
keyword პრობლემური ბავშვები
653 ## - INDEX TERM--UNCONTROLLED
keyword Проблемные дети
653 ## - INDEX TERM--UNCONTROLLED
keyword Дети с психическими отклонениями
653 ## - INDEX TERM--UNCONTROLLED
keyword გონებრივი შეზღუდვის მქონე ბავშვები
653 ## - INDEX TERM--UNCONTROLLED
keyword პედაგოგიკა
653 ## - INDEX TERM--UNCONTROLLED
keyword ქცევის მოდიფიკაცია
700 1# - ADDED ENTRY--PERSONAL NAME
Personal name Tuttle, Jodie L.,
Dates associated with a name
Relator term ავტორი
9 (RLIN) 6588
942 ## - ADDED ENTRY ELEMENTS (KOHA)
Source of classification or shelving scheme
Koha item type წიგნი
ეგზემპლარები
Withdrawn status Lost status Source of classification or shelving scheme Damaged status Not for loan Permanent Location Current Location Shelving location Date acquired Cost, normal purchase price Full call number Barcode Date last seen Copy number Price effective from Koha item type Public note
          ბათუმის შოთა რუსთაველის სახელმწიფო უნივერსიტეტის მთავარი ბიბლიოთეკა ბათუმის შოთა რუსთაველის სახელმწიფო უნივერსიტეტის მთავარი ბიბლიოთეკა წიგნსაცავი 2021-06-22 96.00 376 O-90 61395 2021-06-22 61395 2021-06-22 წიგნი 96 ლ.
          ბათუმის შოთა რუსთაველის სახელმწიფო უნივერსიტეტის მთავარი ბიბლიოთეკა ბათუმის შოთა რუსთაველის სახელმწიფო უნივერსიტეტის მთავარი ბიბლიოთეკა წიგნსაცავი 2021-06-22 67.00 376 O-90 45114 2021-06-22 45114 2021-06-22 წიგნი 67 ლ.